| 000 | 00534nam a2200157 4500 | ||
|---|---|---|---|
| 005 | 20150121145708.0 | ||
| 008 | 150121b xxu||||| |||| 00| 0 eng d | ||
| 022 | _a2229-3337 | ||
| 040 | _adpl | ||
| 245 |
_aJournal of Sukrtindra Oriental Research Institute / _cedited by V. Nithyanantha Bhatt |
||
| 260 |
_aKerala _bSukrtindra Oriental Research Institute |
||
| 300 |
_av. _c22 cm |
||
| 310 | _aHalf Yearly | ||
| 270 |
_aKuthapady,Thammanam, Kochi, _bKerala _dIndia _e682032 _k0484-2349563 _msukritindra@igmail.com |
||
| 942 |
_2ddc _cEN _s1 |
||
| 999 |
_c90953 _d90953 |
||